000 01285nam a2200253Ia 4500
003 Ost
005 20260416102350.0
008 260416s9999||||xx |||||||||||||| ||und||
040 _cfsecg
041 _aara
082 _a332
100 _aشرفة، حكيمة
_eمؤلف
245 0 _aالإقتصاد النقدي :
_bالنظريات والمؤسسات النقدية /
_c حكيمة شرفة
260 _aالجزائر
_bجامعة الجزائر3: كلية العلوم الإقتصادية، العلوم التجارية وعلوم التسيير
_c2015
300 _a93 ورقة
_bايضاحات
_c30 سم
504 _aمراجع ص.92
520 _aالنقود ماهيتها وظائفها أنواعها ، عرض النقود ، الطلب على النقود وسرعة تداولها، النظريات النقدية، البنوك المركزية، البنوك التجارية ماهيتها وتطورها
653 _aالاقتصاد النقدي
653 _aالبنوك التجارية
653 _aالبنوك المركزية
653 _aالنقود
710 _aجامعة الجزائر3: كلية العلوم الإقتصادية، العلوم التجارية وعلوم التسيير
_eناشر علمي
942 _cHANDOUT
999 _c40980
_d40980